| 000 | 00972nam a22003017a 4500 | ||
|---|---|---|---|
| 003 | CHAP | ||
| 005 | 20220329134405.0 | ||
| 008 | 971013s1913 r 00010 d | ||
| 010 | _a19822 | ||
| 011 | _a20794 | ||
| 035 | _a24883 | ||
| 040 | _cCHAP | ||
| 082 |
_a346.9726 _bY7 |
||
| 100 | 0 | 0 |
_aAndrade, Saul. _95679 |
| 245 | _aProntuario para jueces del registro civil | ||
| 260 |
_aMérida : _bImp. de la "Empresa Editora Yucatán", _c1913 |
||
| 300 | _a169 p | ||
| 500 | _aEncuadernado con: Yucatán. Leyes, decretos, etc. Leyes y disposiciones... | ||
| 590 |
_aBATCH-UPD _b10 _c20130110 _lUCH01 _h0106 |
||
| 590 |
_aBATCH-UPD _b10 _c20130110 _lUCH01 _h2303 |
||
| 590 |
_aBATCH-UPD _b10 _c20130409 _lUCH01 _h2057 |
||
| 590 |
_aBATCH-UPD _b10 _c20130914 _lUCH01 _h2000 |
||
| 590 |
_aCONVERSION _b10 _c20130109 _lUCH01 _h1312 |
||
| 650 | 1 | 4 |
_aRegistro civil _xYucatán. _995698 |
| 901 | _aBK | ||
| 942 | _cLIBRO | ||
| 949 |
_a346.9726 Y7 _bBC _cBPP _d-57444 _eBPP _h6865 _i24883 _si |
||
| 999 |
_c19822 _d19822 |
||